<?xml version="1.0" encoding="UTF-8"?>
<record
    xmlns:xsi="http://www.w3.org/2001/XMLSchema-instance"
    xsi:schemaLocation="http://www.loc.gov/MARC21/slim http://www.loc.gov/standards/marcxml/schema/MARC21slim.xsd"
    xmlns="http://www.loc.gov/MARC21/slim">

  <leader>03490nam a22001817a 4500</leader>
  <controlfield tag="008">180207b        xxu||||| |||| 00| 0 eng d</controlfield>
  <datafield tag="020" ind1=" " ind2=" ">
    <subfield code="a">1933107642</subfield>
  </datafield>
  <datafield tag="050" ind1=" " ind2=" ">
    <subfield code="a">RT55.C657 R44</subfield>
  </datafield>
  <datafield tag="245" ind1=" " ind2=" ">
    <subfield code="a">Practical nurse nursing care of children: Review module edition 7.1. /</subfield>
    <subfield code="c">edited by Jeanne Wissmann, Audrey Knippa, Susan Adcock, Michele Hinds , Brant Stacy, Erica Knoblock</subfield>
  </datafield>
  <datafield tag="260" ind1=" " ind2=" ">
    <subfield code="b">Assessment Technology Institute,</subfield>
    <subfield code="c">2008.</subfield>
    <subfield code="a">North Miami</subfield>
  </datafield>
  <datafield tag="300" ind1=" " ind2=" ">
    <subfield code="a">viii, 627p</subfield>
    <subfield code="b">ill.;</subfield>
    <subfield code="c">22cm</subfield>
  </datafield>
  <datafield tag="505" ind1=" " ind2=" ">
    <subfield code="a">Contents:Basic Concepts: Family -centered nursing --  Cultural awareness -- Physical assessment findings -- Health promotion and the infant (birth to 1 year) -- Health promotion and the toddler (12 months to 3 years) -- Health promotion and the preschooler (3 to 5 years) -- Health  promotion and the school- age child (5 to 12 years) -- Health promotion and the adolescent (12 to 20 years) -- Nutrition -- Play -- Safe administration of medications -- Pain management -- Hospitalization and illness -- Death and dying: Nursing care of children with system disorders: Nursing care of children with respiratory disorder: Oxygen and inhalation therapy -- Asthma -- Tonsillitis and tonsillectomy -- Common respiratory illnesses -- Cystic fibrosis: Nursing care of children with cardiovascular or blood disorders: Congenital heart disease -- Epistaxis --  Leukemia -- Iron deficiency anemia -- Sickle cell anemia -- Hemophilia -- Rheumatic fever: Nursing care of children with lymphatic/Infectious/Immune Disorder: Immunizations -- Acute Otitis  Media -- Cancer (Neuroblastoma and Wilms' Tumor) -- HIV/AIDS: Nursing care of  children with integumentary disorder: Burns -- Dermatitis and acne -- Nursing care of children with gastrointestinal disorders: Acute gastrointestinal disorders: Rotavirus, Escherichia coli , Salmonella nontyphoidal groups, Clostridium difficile, clostridium botulinum, Staphylococcus vermicularis (pinworm) -- Gastrointestinal structural disorders: GERD, hypertropic pyloric stenosis, Hirschsprung's disease, appendicitis, Meckel's diverticulum, intussusception -- Cleft lip and palate -- Nursing care of children with endocrine disorders: Diabetes and mellitus -- Growth hormone deficiency -- Nursing care of children with Genitourinary/Reproductive disorders/Diseases: Genitourinary tract defects and enuresis  -- Urinary  tract infection -- Glomerular disease -- Glomerulonephritis -- Nephrotic syndrome -- Nursing care of children with neurosensory disorders: Meningittis -- Reye syndrome -- Cerebral palsy -- Spina bifida -- Seizures -- Head injury -- Sensory disorders - Visual and hearing  impairments -- Nursing care of children with musculoskeletal disorders: Musculoskeletal congenital disorders: Congenital clubfoot, dysplasia of the hip, scoliosis -- Fractures -- Chronic neuromusculoskeletal disorders -- Juvenile idiopathic arthritis -- Muscular dystrophy -- Nursing care of children with imerngencies, developmental disorders, or psychosocial issues: Pediatric emergencies: Choking and respiratory arrest, drowning, sudden infant death syndrome (SIDS), poisoning -- Developmental disorders: down syndrome, autism, attention deficit hyperactivity disorder (ADHD) -- Psychosocial issues of infants and children: Maltreatment, failure to thrive -- Psychosocial issues of adolescents: Eating disorders, adolescent pregnancy, STDS.</subfield>
  </datafield>
  <datafield tag="700" ind1=" " ind2=" ">
    <subfield code="a">WISSMAN, Jeanne </subfield>
  </datafield>
  <datafield tag="700" ind1=" " ind2=" ">
    <subfield code="a">KNIPPA, Audrey</subfield>
  </datafield>
  <datafield tag="700" ind1=" " ind2=" ">
    <subfield code="a">ADCOCK, Susan</subfield>
  </datafield>
  <datafield tag="700" ind1=" " ind2=" ">
    <subfield code="a">HINDS, Michela</subfield>
  </datafield>
  <datafield tag="942" ind1=" " ind2=" ">
    <subfield code="2">lcc</subfield>
    <subfield code="c">BK</subfield>
  </datafield>
  <datafield tag="999" ind1=" " ind2=" ">
    <subfield code="c">6484</subfield>
    <subfield code="d">13984</subfield>
  </datafield>
  <datafield tag="952" ind1=" " ind2=" ">
    <subfield code="0">0</subfield>
    <subfield code="1">0</subfield>
    <subfield code="2">lcc</subfield>
    <subfield code="4">0</subfield>
    <subfield code="7">0</subfield>
    <subfield code="a">WIUC-1</subfield>
    <subfield code="b">WIUC-1</subfield>
    <subfield code="c">NURS L.</subfield>
    <subfield code="d">2018-02-07</subfield>
    <subfield code="l">0</subfield>
    <subfield code="o">RT55.C657 R44</subfield>
    <subfield code="p">NURS/440/102/18</subfield>
    <subfield code="r">2018-02-07 00:00:00</subfield>
    <subfield code="t">1</subfield>
    <subfield code="w">2018-02-07</subfield>
    <subfield code="y">BK</subfield>
  </datafield>
</record>
